000
00227 a2200097 4500
001
37965
100
_a
Olenick R
245
_a
Beyond the mechanical Universe
260
_a
Karachi
_b
Royal Book co
_c
1963
090
_c
24144
_d
24144
942
_a
NUST-CAE
_c
M
_c
15719
999
_c
273038
_d
273038